Podnikatelský model pro novou Evropu

Potreba hľadania nového európskeho podnikateľského modelu. Starý politicko-byrokratický model integrácie predstavovaný Nemeckom, Francúzskom a Talianskom. Dynamický model pre budúcnosť. Koncepcia triády založenej na kooperácii vzdelávacej, podnikateľskej a politickej sféry. Prečo nesmie jedna zložka...

Descripción completa

Guardado en:
Detalles Bibliográficos
Autor principal: Zelený, Milan
Formato: Capítulo de libro
Lenguaje:checo
Materias:
Etiquetas: Agregar Etiqueta
Sin Etiquetas, Sea el primero en etiquetar este registro!

MARC

LEADER 00000naa$a2200000$$$4500
001 0047056
005 20231106123439.8
041 0 |a cze 
044 |a CZ 
245 1 0 |a Podnikatelský model pro novou Evropu  |c Milan Zelený 
520 |a Potreba hľadania nového európskeho podnikateľského modelu. Starý politicko-byrokratický model integrácie predstavovaný Nemeckom, Francúzskom a Talianskom. Dynamický model pre budúcnosť. Koncepcia triády založenej na kooperácii vzdelávacej, podnikateľskej a politickej sféry. Prečo nesmie jedna zložka triády dlhodobo dominovať. 
610 2 0 |a podnikanie 
610 2 0 |a vzdelávanie 
610 2 0 |a politika 
610 2 0 |a kultúra 
610 2 0 |a spoločnosť 
610 2 0 |a koordinácia 
610 2 0 |a kooperácia 
610 2 0 |a vývoj spoločenský 
610 2 0 |a vývoj hospodársky 
100 1 |a Zelený, Milan